[Event "Montcalm I 2004-05"]
[Site "Quebec CAN"]
[Date "2004.10.07"]
[Round "5"]
[White "Lapierre, Gaetan"]
[Black "Ouellet, Michel"]
[Result "1/2-1/2"]
[WhiteElo "1763"]
[BlackElo "1826"]
[PlyCount "92"]
[GameId "2160767911069360"]
[EventDate "2004.09.09"]
[EventType "swiss"]
[EventRounds "5"]
[EventCountry "CAN"]
[SourceTitle "EXT 2006"]
[Source "ChessBase"]
[SourceDate "2005.11.24"]
[SourceVersion "1"]
[SourceVersionDate "2005.11.24"]
[SourceQuality "1"]

1. e4 d6 2. d4 Nf6 3. Bd3 g6 4. f4 Bg7 5. Nf3 c5 6. dxc5 Qa5+ 7. c3 Qxc5 8. Qe2 O-O 9. Be3 Qc7 10. h3 Nc6 11. g4 e5 12. fxe5 Nxe5 13. Nxe5 dxe5 14. Nd2 Be6 15. Nf1 Rac8 16. Ng3 Rfd8 17. g5 Ne8 18. h4 a6 19. h5 Bc4 20. Bxc4 Qxc4 21. Qxc4 Rxc4 22. Rd1 Rxd1+ 23. Kxd1 Rc7 24. Kc2 Rd7 25. hxg6 hxg6 26. Bc5 Nc7 27. Nf1 Ne6 28. Be3 Bf8 29. Nd2 Bd6 30. Rd1 Bc7 31. Rg1 Kg7 32. Nf3 Rd8 33. Rh1 Rh8 34. Rxh8 Kxh8 35. Kd3 Kg7 36. Ke2 f6 37. gxf6+ Kxf6 38. Kf2 Nf4 39. Bxf4 exf4 40. Kg2 Ke6 41. Ng5+ Kf6 42. Nh3 g5 43. Kf3 Bd8 44. Nf2 Ke6 45. Nd3 Be7 46. a4 b5 1/2-1/2

[Event "Montcalm II 2004-05"]
[Site "Quebec CAN"]
[Date "2004.10.14"]
[Round "1"]
[White "Berube, Antoine"]
[Black "Audet-Bouchard, Nicolas"]
[Result "0-1"]
[WhiteElo "2075"]
[BlackElo "2152"]
[PlyCount "60"]
[GameId "2160767911060992"]
[EventDate "2004.10.14"]
[EventType "swiss"]
[EventRounds "5"]
[EventCountry "CAN"]
[SourceTitle "EXT 2006"]
[Source "ChessBase"]
[SourceDate "2005.11.24"]
[SourceVersion "1"]
[SourceVersionDate "2005.11.24"]
[SourceQuality "1"]

1. d4 Nf6 2. c4 d6 3. Nc3 Nbd7 4. e4 e5 5. dxe5 dxe5 6. f4 Bb4 7. fxe5 Nxe4 8. Qd4 Nxc3 9. bxc3 Bc5 10. Qe4 O-O 11. Nf3 Re8 12. Bg5 Be7 13. Be3 Nc5 14. Bxc5 Bxc5 15. Rd1 Qe7 16. Bd3 g6 17. Kd2 Bf5 18. Qf4 Rad8 19. Kc2 Rxd3 20. Rxd3 Bxd3+ 21. Kxd3 Rd8+ 22. Kc2 Qd7 23. Ng5 h6 24. Ne4 Qd3+ 25. Kb3 Be3 26. Qf3 b5 27. cxb5 Qxb5+ 28. Kc2 Qa4+ 29. Kb1 Rb8+ 30. Ka1 Qc2 0-1

[Event "Montcalm II 2004-05"]
[Site "Quebec CAN"]
[Date "2004.10.14"]
[Round "1"]
[White "Bourassa, Andre"]
[Black "Theriault, Francis"]
[Result "1-0"]
[WhiteElo "1651"]
[BlackElo "1614"]
[PlyCount "41"]
[GameId "2160767911060993"]
[EventDate "2004.10.14"]
[EventType "swiss"]
[EventRounds "5"]
[EventCountry "CAN"]

1. d4 d5 2. c4 Nf6 3. Nc3 e6 4. Bg5 Be7 5. e3 c6 6. Nf3 Nbd7 7. Qc2 a6 8. c5 O-O 9. Bd3 Re8 10. O-O h6 11. Bh4 Bf8 12. b4 e5 13. e4 exd4 14. Nxd4 Ne5 15. Bxf6 Qxf6 16. exd5 Qh4 17. f4 Nxd3 18. Qxd3 cxd5 19. Nxd5 Rd8 20. Nf5 Qh5 21. Nde7+ 1-0

[Event "Montcalm II 2004-05"]
[Site "Quebec CAN"]
[Date "2004.10.14"]
[Round "1"]
[White "Dion, Jean-Francois"]
[Black "Sauve, Richard"]
[Result "0-1"]
[WhiteElo "1921"]
[BlackElo "1963"]
[PlyCount "74"]
[GameId "2160767911060994"]
[EventDate "2004.10.14"]
[EventType "swiss"]
[EventRounds "5"]
[EventCountry "CAN"]
[SourceTitle "EXT 2006"]
[Source "ChessBase"]
[SourceDate "2005.11.24"]
[SourceVersion "1"]
[SourceVersionDate "2005.11.24"]
[SourceQuality "1"]

1. d4 e6 2. Nf3 d5 3. Bf4 Bd6 4. Bxd6 Qxd6 5. c3 Nf6 6. Nbd2 O-O 7. e3 Nbd7 8. Be2 e5 9. O-O e4 10. Ne1 c6 11. c4 Kh8 12. Nc2 Ng8 13. b4 f5 14. a4 Ndf6 15. c5 Qe7 16. b5 Bd7 17. Nb4 Ng4 18. h3 N4h6 19. Kh2 f4 20. exf4 Rxf4 21. Ra3 Raf8 22. Qe1 Qf6 23. Kg1 Qxd4 24. bxc6 bxc6 25. Na6 Nf5 26. g3 e3 27. gxf4 exd2 28. Qd1 Qxf4 29. Bg4 Ngh6 30. Qf3 Qc4 31. Qd3 Nxg4 32. Qxc4 dxc4 33. hxg4 Nd4 34. Rd1 c3 35. Raa1 Bxg4 36. f3 Bxf3 37. Rf1 c2 0-1

[Event "Montcalm II 2004-05"]
[Site "Quebec CAN"]
[Date "2004.10.14"]
[Round "1"]
[White "Lessard, Claude"]
[Black "Auger, Bertrand"]
[Result "1/2-1/2"]
[WhiteElo "1980"]
[BlackElo "2023"]
[PlyCount "34"]
[GameId "2160767911060995"]
[EventDate "2004.10.14"]
[EventType "swiss"]
[EventRounds "5"]
[EventCountry "CAN"]
[SourceTitle "EXT 2006"]
[Source "ChessBase"]
[SourceDate "2005.11.24"]
[SourceVersion "1"]
[SourceVersionDate "2005.11.24"]
[SourceQuality "1"]

1. d4 e6 2. Nf3 Nf6 3. Bg5 Be7 4. e3 b6 5. Bd3 Bb7 6. Nbd2 d5 7. O-O Nbd7 8. c4 dxc4 9. Nxc4 O-O 10. Rc1 c5 11. a3 cxd4 12. Nxd4 Nc5 13. Be2 Qd5 14. Nf3 Qf5 15. Bxf6 Qxf6 16. Qd4 Qh6 17. Rfd1 Bf6 1/2-1/2

[Event "Montcalm II 2004-05"]
[Site "Quebec CAN"]
[Date "2004.10.14"]
[Round "1"]
[White "Plante, Rejean"]
[Black "L'Heureux, Clement"]
[Result "1/2-1/2"]
[WhiteElo "2052"]
[BlackElo "1981"]
[PlyCount "103"]
[GameId "2160767911060996"]
[EventDate "2004.10.14"]
[EventType "swiss"]
[EventRounds "5"]
[EventCountry "CAN"]
[SourceTitle "EXT 2006"]
[Source "ChessBase"]
[SourceDate "2005.11.24"]
[SourceVersion "1"]
[SourceVersionDate "2005.11.24"]
[SourceQuality "1"]

1. c4 e5 2. Nc3 Bb4 3. g3 Nf6 4. Bg2 O-O 5. d3 d5 6. cxd5 Nxd5 7. Bd2 c6 8. Nf3 Bxc3 9. bxc3 Nd7 10. O-O Qe7 11. c4 N5f6 12. a4 Rd8 13. Ba5 Re8 14. Nd2 Rb8 15. Bc3 Nf8 16. Qb1 Qc7 17. a5 Bf5 18. Qb2 N8d7 19. Qa3 e4 20. d4 Bg4 21. f3 exf3 22. exf3 Bf5 23. Rfe1 Rxe1+ 24. Rxe1 Re8 25. Rxe8+ Nxe8 26. Qe7 Ndf6 27. Qe3 Qd7 28. Ne4 Qe6 29. Nxf6+ Nxf6 30. Qxe6 Bxe6 31. Bf1 Kf8 32. Bb4+ Ke8 33. Bc5 a6 34. Kf2 Kd7 35. Bf8 Ne8 36. Bd3 g6 37. Ke3 Nd6 38. Bxd6 Kxd6 39. Kf4 h6 40. h4 f6 41. Ke3 g5 42. Kd2 Bh3 43. Kc3 Bg2 44. f4 Bh3 45. Be4 gxf4 46. gxf4 Ke6 47. d5+ Kd6 48. Kd4 c5+ 49. Kc3 Bg4 50. Bg6 Ke7 51. Kd3 Kd6 52. Kc3 1/2-1/2

[Event "Montcalm II 2004-05"]
[Site "Quebec CAN"]
[Date "2004.10.21"]
[Round "2"]
[White "Audet-Bouchard, Nicolas"]
[Black "L'Heureux, Clement"]
[Result "0-1"]
[WhiteElo "2152"]
[BlackElo "1981"]
[PlyCount "96"]
[GameId "2160767911060997"]
[EventDate "2004.10.14"]
[EventType "swiss"]
[EventRounds "5"]
[EventCountry "CAN"]
[SourceTitle "EXT 2006"]
[Source "ChessBase"]
[SourceDate "2005.11.24"]
[SourceVersion "1"]
[SourceVersionDate "2005.11.24"]
[SourceQuality "1"]

1. e4 c5 2. Nf3 d6 3. d4 cxd4 4. Nxd4 Nf6 5. Nc3 a6 6. Be3 e6 7. f3 Qc7 8. Qd2 Be7 9. O-O-O Nc6 10. Nb3 O-O 11. g4 Ne5 12. g5 Nfd7 13. Qg2 b5 14. h4 b4 15. Nb1 a5 16. f4 a4 17. Nd4 Nc4 18. Bxc4 Qxc4 19. b3 axb3 20. axb3 Qa6 21. g6 Bf6 22. gxf7+ Rxf7 23. Nxe6 Qa2 24. Bd4 Bxd4 25. Rxd4 Nf6 26. Ng5 Rfa7 27. Rxb4 Qa1 28. e5 Ra2 29. Rc4 dxe5 30. Rg1 Qb2+ 31. Kd2 Qxb3 32. Nxh7 Ng4 33. Nf6+ Kh8 34. Rc3 Rxc2+ 35. Rxc2 Qe3+ 36. Kd1 Bb7 37. Nxg4 Bf3+ 38. Qxf3 Qxf3+ 39. Ke1 Qe4+ 40. Re2 Qxb1+ 41. Kf2 Qb6+ 42. Kg2 exf4 43. Rf2 Qc6+ 44. Kh2 Qd6 45. Rgf1 Ra3 46. Rxf4 Rd3 47. Kg2 Rd2+ 48. R1f2 Qxf4 0-1

[Event "Montcalm II 2004-05"]
[Site "Quebec CAN"]
[Date "2004.10.21"]
[Round "2"]
[White "Auger, Bertrand"]
[Black "Plante, Rejean"]
[Result "0-1"]
[WhiteElo "2023"]
[BlackElo "2052"]
[PlyCount "140"]
[GameId "2160767911060998"]
[EventDate "2004.10.14"]
[EventType "swiss"]
[EventRounds "5"]
[EventCountry "CAN"]
[SourceTitle "EXT 2006"]
[Source "ChessBase"]
[SourceDate "2005.11.24"]
[SourceVersion "1"]
[SourceVersionDate "2005.11.24"]
[SourceQuality "1"]

1. c4 e6 2. Nf3 c5 3. g3 b6 4. Bg2 Bb7 5. O-O Nf6 6. b3 Be7 7. Bb2 O-O 8. Nc3 Nc6 9. e3 d6 10. d4 cxd4 11. Nxd4 Qc8 12. Nxc6 Bxc6 13. e4 Rd8 14. Qe2 a6 15. b4 Bb7 16. a4 Qc7 17. Rfc1 Rac8 18. Nd1 a5 19. b5 Nd7 20. Bd4 Bf6 21. Bxf6 Nxf6 22. Nb2 d5 23. exd5 exd5 24. Rd1 d4 25. Bxb7 Qxb7 26. Qe5 Qe4 27. Re1 Qxe5 28. Rxe5 Nd7 29. Rd5 Nc5 30. Rd1 Ne6 31. Rd2 Kf8 32. f4 g6 33. Kf2 Ke7 34. Kf3 f5 35. Ke2 Rd6 36. Kd1 Rc5 37. Rxd6 Kxd6 38. Kc2 Rc7 39. Kb3 Re7 40. Ka3 Rc7 41. Ka2 Rc8 42. Ka3 Ke7 43. Ka2 Kf6 44. Kb3 Nc5+ 45. Ka3 Ne6 46. Kb3 g5 47. Nd3 g4 48. Ne5 Rd8 49. Nd3 h5 50. Ne5 h4 51. Nc6 Rd7 52. Ka3 hxg3 53. hxg3 Rd6 54. Rd3 Rd7 55. Rd2 d3 56. Ne5 Rd4 57. Rxd3 Re4 58. Rd6 Re3+ 59. Rd3 Re1 60. Nd7+ Kg6 61. Nxb6 Nc5 62. Rd6+ Kf7 63. Nd5 Re3+ 64. Ka2 Rxg3 65. b6 Rf3 66. b7 Nxb7 67. Rd7+ Ke8 68. Rxb7 g3 69. Rg7 Kf8 70. Kb2 Kxg7 0-1

[Event "Montcalm II 2004-05"]
[Site "Quebec CAN"]
[Date "2004.10.21"]
[Round "2"]
[White "Berube, Antoine"]
[Black "Lessard, Claude"]
[Result "1-0"]
[WhiteElo "2075"]
[BlackElo "1980"]
[PlyCount "63"]
[GameId "2160767911060999"]
[EventDate "2004.10.14"]
[EventType "swiss"]
[EventRounds "5"]
[EventCountry "CAN"]
[SourceTitle "EXT 2006"]
[Source "ChessBase"]
[SourceDate "2005.11.24"]
[SourceVersion "1"]
[SourceVersionDate "2005.11.24"]
[SourceQuality "1"]

1. d4 c5 2. d5 e5 3. e4 d6 4. Nc3 a6 5. a4 f5 6. exf5 Bxf5 7. Bd3 Bxd3 8. Qxd3 Nf6 9. Nf3 Be7 10. Ng5 Qa5 11. Bd2 c4 12. Qh3 Nxd5 13. Qc8+ Bd8 14. Qe6+ Ne7 15. Nce4 Qd5 16. Nxd6+ Kf8 17. Nxb7 Nbc6 18. Nxd8 Nxd8 19. Qg4 h5 20. Qe4 Ndc6 21. O-O-O Qxe4 22. Nxe4 Nd4 23. Rhe1 Nec6 24. Nc5 Kf7 25. Bc3 g5 26. Ne4 Kg6 27. Nd6 Rhf8 28. Nxc4 Rxf2 29. Bxd4 exd4 30. Re6+ Kf5 31. Rxc6 Rxg2 32. Rxd4 1-0

[Event "Montcalm II 2004-05"]
[Site "Quebec CAN"]
[Date "2004.10.21"]
[Round "2"]
[White "Dion, Jean-Francois"]
[Black "Caron, Sebastien"]
[Result "1/2-1/2"]
[WhiteElo "1921"]
[BlackElo "1819"]
[PlyCount "69"]
[GameId "2160767911061000"]
[EventDate "2004.10.14"]
[EventType "swiss"]
[EventRounds "5"]
[EventCountry "CAN"]
[SourceTitle "EXT 2006"]
[Source "ChessBase"]
[SourceDate "2005.11.24"]
[SourceVersion "1"]
[SourceVersionDate "2005.11.24"]
[SourceQuality "1"]

1. d4 c5 2. c3 e6 3. Bf4 Nf6 4. e3 Nc6 5. Nd2 cxd4 6. exd4 Be7 7. Nc4 d6 8. Nf3 Nd5 9. Bg3 O-O 10. Bd3 Nb6 11. Qc2 Nxc4 12. Bxc4 Re8 13. O-O a6 14. Bd3 g6 15. Rfe1 b5 16. Be4 Bb7 17. Qe2 Rc8 18. Rad1 Na5 19. Bb1 Nc4 20. Bd3 Bxf3 21. gxf3 Nb6 22. Bf4 Nd5 23. Bc1 Bg5 24. Kh1 Nf4 25. Bxf4 Bxf4 26. Qf1 Qh4 27. Qg2 e5 28. Bf5 Rc7 29. Re2 Rce7 30. Rde1 Qxh2+ 31. Qxh2 Bxh2 32. Bxg6 hxg6 33. Kxh2 f6 34. Rxe5 Rxe5 35. Rxe5 1/2-1/2

[Event "Montcalm II 2004-05"]
[Site "Quebec CAN"]
[Date "2004.10.21"]
[Round "2"]
[White "Girard, Bruno"]
[Black "Bourassa, Andre"]
[Result "1/2-1/2"]
[WhiteElo "1684"]
[BlackElo "1651"]
[PlyCount "60"]
[GameId "2160767911061001"]
[EventDate "2004.10.14"]
[EventType "swiss"]
[EventRounds "5"]
[EventCountry "CAN"]

1. e4 c5 2. Nf3 d6 3. d4 cxd4 4. Nxd4 Nf6 5. Nc3 a6 6. Bc4 b5 7. Bb3 Bb7 8. O-O e6 9. Re1 Nbd7 10. Bg5 Be7 11. Bxe6 Nc5 12. Bd5 Nxd5 13. exd5 f6 14. Bf4 O-O 15. b4 Qd7 16. bxc5 dxc5 17. Ne6 Rf7 18. d6 Bd8 19. Nxd8 Rxd8 20. Qh5 Qc6 21. Qg4 h5 22. Qg6 f5 23. Re7 Rdf8 24. Bh6 Rxe7 25. Nd5 Rff7 26. Nxe7+ Rxe7 27. Rd1 Kh8 28. Bf4 Re4 29. Qxh5+ Kg8 30. Qg5 Qd5 1/2-1/2

[Event "Montcalm II 2004-05"]
[Site "Quebec CAN"]
[Date "2004.10.21"]
[Round "2"]
[White "Godbout, Mathieu"]
[Black "Valley, Michel"]
[Result "1-0"]
[WhiteElo "1875"]
[BlackElo "1898"]
[PlyCount "43"]
[GameId "2160767911061002"]
[EventDate "2004.10.14"]
[EventType "swiss"]
[EventRounds "5"]
[EventCountry "CAN"]
[SourceTitle "EXT 2006"]
[Source "ChessBase"]
[SourceDate "2005.11.24"]
[SourceVersion "1"]
[SourceVersionDate "2005.11.24"]
[SourceQuality "1"]

1. c4 Nf6 2. Nc3 g6 3. e4 d6 4. d4 Bg7 5. f4 O-O 6. Nf3 c5 7. d5 e6 8. Be2 exd5 9. cxd5 Bg4 10. O-O Re8 11. h3 Bxf3 12. Bxf3 b5 13. e5 dxe5 14. fxe5 Nh5 15. Bxh5 gxh5 16. Qxh5 Qd7 17. Bf4 b4 18. Ne4 Qxd5 19. Bh6 Rxe5 20. Qg4 Qd4+ 21. Kh1 Re6 22. Nf6+ 1-0

[Event "Montcalm II 2004-05"]
[Site "Quebec CAN"]
[Date "2004.10.21"]
[Round "2"]
[White "Sauve, Richard"]
[Black "Poliquin, Yvone"]
[Result "1-0"]
[WhiteElo "1963"]
[BlackElo "1875"]
[PlyCount "65"]
[GameId "2160767911061003"]
[EventDate "2004.10.14"]
[EventType "swiss"]
[EventRounds "5"]
[EventCountry "CAN"]
[SourceTitle "EXT 2006"]
[Source "ChessBase"]
[SourceDate "2005.11.24"]
[SourceVersion "1"]
[SourceVersionDate "2005.11.24"]
[SourceQuality "1"]

1. d4 d5 2. c4 Nf6 3. cxd5 Nxd5 4. Nf3 c6 5. e4 Nc7 6. Nc3 Bg4 7. Be2 Bxf3 8. Bxf3 e6 9. O-O Be7 10. Bf4 Nd7 11. d5 Nxd5 12. exd5 exd5 13. Bxd5 cxd5 14. Nxd5 O-O 15. Nxe7+ Qxe7 16. Bd6 Qf6 17. Bxf8 Nxf8 18. Qb3 b6 19. Rad1 Ne6 20. h3 h5 21. Qd5 Rd8 22. Qxh5 Rxd1 23. Rxd1 Qxb2 24. Qd5 Qc2 25. Rd2 Qc1+ 26. Kh2 Qe1 27. Kg3 b5 28. Rc2 g6 29. Rc8+ Kg7 30. Qxb5 Qe4 31. Kh2 Qf4+ 32. Kg1 Qd2 33. Qe5+ 1-0

[Event "Montcalm II 2004-05"]
[Site "Quebec CAN"]
[Date "2004.10.28"]
[Round "3"]
[White "Bourassa, Andre"]
[Black "Gagnon, Stephane"]
[Result "1-0"]
[WhiteElo "1651"]
[BlackElo "1660"]
[PlyCount "75"]
[GameId "2160767911061004"]
[EventDate "2004.10.14"]
[EventType "swiss"]
[EventRounds "5"]
[EventCountry "CAN"]

1. d4 Nf6 2. c4 g6 3. Nc3 Bg7 4. e4 d6 5. f3 O-O 6. Be3 e5 7. d5 c5 8. Qd2 Nh5 9. g4 Nf4 10. Bxf4 exf4 11. Qxf4 Bf6 12. Qe3 Bh4+ 13. Kd2 Bxg4 14. Be2 Re8 15. Kc2 Bd7 16. f4 Bf5 17. Nf3 Bf6 18. Nd2 Na6 19. a3 Bd4 20. Qf3 Bd7 21. f5 Nc7 22. fxg6 fxg6 23. Raf1 Rf8 24. Qg2 b5 25. Rxf8+ Qxf8 26. Nxb5 a6 27. Nxc7 Qb8 28. b3 Qxc7 29. Rf1 Qa5 30. Nb1 Rb8 31. Bg4 Qb6 32. Rf3 Ba4 33. Be6+ Kh8 34. Qh3 Be8 35. Qh6 Bf7 36. Bxf7 Bg7 37. Qh3 Rf8 38. Bxg6 1-0

[Event "Montcalm II 2004-05"]
[Site "Quebec CAN"]
[Date "2004.10.28"]
[Round "3"]
[White "L'Heureux, Clement"]
[Black "Auger, Bertrand"]
[Result "1-0"]
[WhiteElo "1981"]
[BlackElo "2023"]
[PlyCount "117"]
[GameId "2160767911061005"]
[EventDate "2004.10.14"]
[EventType "swiss"]
[EventRounds "5"]
[EventCountry "CAN"]
[SourceTitle "EXT 2006"]
[Source "ChessBase"]
[SourceDate "2005.11.24"]
[SourceVersion "1"]
[SourceVersionDate "2005.11.24"]
[SourceQuality "1"]

1. d4 e6 2. c4 Nf6 3. Nf3 b6 4. Nc3 Bb7 5. Bg5 Be7 6. e3 O-O 7. Bd3 c5 8. O-O cxd4 9. exd4 d6 10. Re1 Nbd7 11. h3 d5 12. cxd5 Nxd5 13. Bxe7 Qxe7 14. Nxd5 Bxd5 15. Qe2 Nf6 16. Rec1 Rac8 17. a3 Bb7 18. Ba6 Nd5 19. Bxb7 Qxb7 20. Qe5 Rc6 21. g3 Rfc8 22. Qg5 h6 23. Qd2 Qc7 24. Rxc6 Qxc6 25. Ne5 Qc2 26. Rd1 Ne7 27. Kf1 Qa4 28. Qd3 f6 29. Nf3 Rc2 30. Rd2 Rc1+ 31. Ke2 Qc6 32. Rd1 Rc4 33. h4 b5 34. Rd2 a5 35. Ne1 Qd5 36. Nc2 Qh5+ 37. Qf3 Qg6 38. Ne3 Rc6 39. d5 exd5 40. Rxd5 Re6 41. Rxb5 Qc2+ 42. Kf1 Qd3+ 43. Qe2 Qb1+ 44. Kg2 Nf5 45. Qc4 Nxe3+ 46. fxe3 Qe4+ 47. Qxe4 Rxe4 48. Kf3 Ra4 49. Rb8+ Kf7 50. h5 Rc4 51. Rb7+ Kf8 52. Rb5 a4 53. e4 Rc2 54. Rb4 Ke7 55. g4 Ke6 56. Rxa4 Rxb2 57. Ra7 Ke5 58. Re7+ Kd4 59. Rxg7 1-0

[Event "Montcalm II 2004-05"]
[Site "Quebec CAN"]
[Date "2004.10.28"]
[Round "3"]
[White "Lessard, Claude"]
[Black "Audet-Bouchard, Nicolas"]
[Result "1/2-1/2"]
[WhiteElo "1980"]
[BlackElo "2152"]
[PlyCount "110"]
[GameId "2160767911061006"]
[EventDate "2004.10.14"]
[EventType "swiss"]
[EventRounds "5"]
[EventCountry "CAN"]
[SourceTitle "EXT 2006"]
[Source "ChessBase"]
[SourceDate "2005.11.24"]
[SourceVersion "1"]
[SourceVersionDate "2005.11.24"]
[SourceQuality "1"]

1. d4 Nf6 2. Bg5 c5 3. dxc5 Ne4 4. Bd2 Nxc5 5. f3 d5 6. Bc3 Nc6 7. e3 Bf5 8. Bb5 e6 9. Ne2 Qg5 10. Kf2 Be7 11. Bxc6+ bxc6 12. Nd4 Rc8 13. h4 Qg6 14. g4 Bxg4 15. fxg4 Ne4+ 16. Kg2 h5 17. Nd2 hxg4 18. h5 Rxh5 19. Rxh5 Qxh5 20. Nxe4 Qh3+ 21. Kg1 Qxe3+ 22. Nf2 g3 23. Qe2 gxf2+ 24. Qxf2 Qxf2+ 25. Kxf2 Bf6 26. Ne2 e5 27. Ng3 Kd7 28. Rd1 Ke6 29. Rh1 g6 30. b3 Be7 31. Nf1 c5 32. Nd2 Rg8 33. Bb2 f5 34. Rh7 e4 35. Nf1 f4 36. Nh2 d4 37. Ng4 g5 38. Ba3 Bd6 39. Rh6+ Kf5 40. Nf6 e3+ 41. Ke2 Rc8 42. Kf3 Be5 43. Ng4 e2 44. Rh1 Rh8 45. Rg1 e1=Q 46. Rxe1 Rh3+ 47. Kf2 Kxg4 48. Rxe5 Rh2+ 49. Kf1 Rxc2 50. Bxc5 d3 51. Ke1 Rxa2 52. Be7 Kf3 53. Bxg5 Rb2 54. Re7 Rxb3 55. Rxa7 Rb5 1/2-1/2

[Event "Montcalm II 2004-05"]
[Site "Quebec CAN"]
[Date "2004.10.28"]
[Round "3"]
[White "Plante, Rejean"]
[Black "Berube, Antoine"]
[Result "0-1"]
[WhiteElo "2052"]
[BlackElo "2075"]
[PlyCount "76"]
[GameId "2160767911061007"]
[EventDate "2004.10.14"]
[EventType "swiss"]
[EventRounds "5"]
[EventCountry "CAN"]
[SourceTitle "EXT 2006"]
[Source "ChessBase"]
[SourceDate "2005.11.24"]
[SourceVersion "1"]
[SourceVersionDate "2005.11.24"]
[SourceQuality "1"]

1. d4 d5 2. c4 c6 3. Nf3 Nf6 4. e3 e6 5. Bd3 Nbd7 6. O-O Bd6 7. Nbd2 O-O 8. b3 e5 9. cxd5 cxd5 10. dxe5 Nxe5 11. Be2 Bf5 12. Nd4 Bg6 13. N2f3 Rc8 14. Bb2 Nxf3+ 15. Bxf3 Ne4 16. Nb5 Bc5 17. Rc1 Qb6 18. Nc3 Bxe3 19. Bxe4 Bxc1 20. Nxd5 Qe6 21. Bxc1 Bxe4 22. Nf4 Qc6 23. Be3 a6 24. Qg4 Bg6 25. h4 Qb5 26. h5 Bf5 27. Qg3 Qd7 28. h6 g6 29. Nh5 f6 30. Nf4 Qf7 31. Qf3 Rfe8 32. Nd5 Rc6 33. Nb6 Be4 34. Qd1 Qe6 35. Nc4 b5 36. Nd2 Rd8 37. Qa1 Bxg2 38. Kxg2 Qg4+ 0-1

[Event "Montcalm II 2004-05"]
[Site "Quebec CAN"]
[Date "2004.11.04"]
[Round "4"]
[White "Audet-Bouchard, Nicolas"]
[Black "Auger, Bertrand"]
[Result "1-0"]
[WhiteElo "2152"]
[BlackElo "2023"]
[PlyCount "111"]
[GameId "2160767911061008"]
[EventDate "2004.10.14"]
[EventType "swiss"]
[EventRounds "5"]
[EventCountry "CAN"]
[SourceTitle "EXT 2006"]
[Source "ChessBase"]
[SourceDate "2005.11.24"]
[SourceVersion "1"]
[SourceVersionDate "2005.11.24"]
[SourceQuality "1"]

1. e4 e6 2. d4 d5 3. Nc3 Bb4 4. e5 c5 5. a3 Bxc3+ 6. bxc3 Ne7 7. Qg4 Qc7 8. Qxg7 Rg8 9. Qxh7 cxd4 10. Ne2 Nbc6 11. f4 Bd7 12. Qd3 dxc3 13. Qxc3 Rc8 14. Rb1 b6 15. Ng3 d4 16. Qd3 Nd5 17. Qh7 Nce7 18. Ne4 Qxc2 19. Nd6+ Kd8 20. Nxf7+ Ke8 21. Nd6+ Kd8 22. Nf7+ Ke8 23. Nd6+ Kd8 24. Qxc2 Rxc2 25. g3 Nc3 26. Bd3 Ra2 27. Rb2 Rxa3 28. Rxb6 axb6 29. Bxa3 Ned5 30. Kd2 Kc7 31. Ne4 Bc6 32. Bd6+ Kb7 33. Ra1 Ba4 34. Ng5 Rh8 35. h4 Rg8 36. h5 Rh8 37. Rh1 Bc6 38. Rh4 Ra8 39. Nxe6 Ra2+ 40. Bc2 Ne4+ 41. Kd3 Nf2+ 42. Kxd4 Ka7 43. Nd8 Ba8 44. Bb3 Rd2+ 45. Kc4 Ne3+ 46. Kb5 Bf3 47. h6 Nf5 48. h7 Nd4+ 49. Ka4 Nd3 50. h8=Q Nb2+ 51. Ka3 Nb5+ 52. Kb4 Ka6 53. Bc4 Rd4 54. f5 Nd3+ 55. Kb3 Bd1+ 56. Ka2 1-0

[Event "Montcalm II 2004-05"]
[Site "Quebec CAN"]
[Date "2004.11.04"]
[Round "4"]
[White "Beaudoin, Gaetan"]
[Black "Bourassa, Andre"]
[Result "0-1"]
[WhiteElo "1610"]
[BlackElo "1651"]
[PlyCount "122"]
[GameId "2160767911061009"]
[EventDate "2004.10.14"]
[EventType "swiss"]
[EventRounds "5"]
[EventCountry "CAN"]

1. e4 c5 2. Nf3 d6 3. d4 cxd4 4. Nxd4 Nf6 5. Nc3 a6 6. Be3 e5 7. Nb3 Be6 8. f3 Be7 9. Qd2 O-O 10. O-O-O b5 11. g4 b4 12. Nd5 Bxd5 13. exd5 a5 14. h4 a4 15. Na1 Qa5 16. h5 Nfd7 17. g5 f5 18. gxf6 Bxf6 19. Bg5 b3 20. Bxf6 Qxd2+ 21. Rxd2 Rxf6 22. Bc4 bxc2 23. Nxc2 Rxf3 24. Rg2 Nc5 25. Rhg1 Ra7 26. Kd2 Raf7 27. Ke2 Rh3 28. Rg5 Nbd7 29. Ne3 Ne4 30. R5g2 Rxh5 31. Bb5 Ndc5 32. Be8 g6 33. Bxf7+ Kxf7 34. Rc1 Rh3 35. Rf1+ Ke7 36. Rf3 Rh1 37. Nf1 Nf6 38. b4 axb3 39. axb3 Nxd5 40. Rg4 Nf4+ 41. Kd2 h5 42. Rgxf4 exf4 43. b4 Ne6 44. Ke1 g5 45. Rc3 Kd7 46. Kf2 Rh4 47. Nd2 Rh2+ 48. Ke1 Nd4 49. Rc4 Nb5 50. Ne4 g4 51. Kf1 Ke6 52. Ng5+ Kf5 53. Nf7 f3 54. Nh6+ Kg5 55. Nf7+ Kg6 56. Nxd6 g3 57. Ke1 Nxd6 58. Rc6 Kg5 59. Rxd6 Re2+ 60. Kf1 g2+ 61. Kg1 Re1+ 0-1

[Event "Montcalm II 2004-05"]
[Site "Quebec CAN"]
[Date "2004.11.04"]
[Round "4"]
[White "Dion, Jean-Francois"]
[Black "Poliquin, Yvone"]
[Result "1-0"]
[WhiteElo "1921"]
[BlackElo "1875"]
[PlyCount "72"]
[GameId "2160767911061010"]
[EventDate "2004.10.14"]
[EventType "swiss"]
[EventRounds "5"]
[EventCountry "CAN"]
[SourceTitle "EXT 2006"]
[Source "ChessBase"]
[SourceDate "2005.11.24"]
[SourceVersion "1"]
[SourceVersionDate "2005.11.24"]
[SourceQuality "1"]

1. d4 d6 2. Nf3 Bg4 3. Bf4 Bxf3 4. gxf3 Nd7 5. e4 e5 6. Be3 Ngf6 7. Nc3 a6 8. Be2 Be7 9. Qd2 b5 10. dxe5 dxe5 11. a3 c6 12. f4 b4 13. axb4 Bxb4 14. f3 a5 15. fxe5 Nxe5 16. Bd4 Ng6 17. Qe3 Nh5 18. O-O-O Qe7 19. Na4 Ngf4 20. Bc4 Ne6 21. c3 Bd6 22. e5 Bc7 23. Bxe6 fxe6 24. Bc5 Qf7 25. Rd4 Rd8 26. Rhd1 Rxd4 27. Rxd4 g6 28. Qe4 Qf4+ 29. Qxf4 Nxf4 30. Rxf4 Bxe5 31. Re4 Bxh2 32. Rxe6+ Kd7 33. Re7+ Kc8 34. Bd4 Bf4+ 35. Kc2 Bd6 36. Nb6+ Kd8 1-0

[Event "Montcalm II 2004-05"]
[Site "Quebec CAN"]
[Date "2004.11.04"]
[Round "4"]
[White "Lessard, Claude"]
[Black "Plante, Rejean"]
[Result "0-1"]
[WhiteElo "1980"]
[BlackElo "2052"]
[PlyCount "57"]
[GameId "2160767911061011"]
[EventDate "2004.10.14"]
[EventType "swiss"]
[EventRounds "5"]
[EventCountry "CAN"]
[SourceTitle "EXT 2006"]
[Source "ChessBase"]
[SourceDate "2005.11.24"]
[SourceVersion "1"]
[SourceVersionDate "2005.11.24"]
[SourceQuality "1"]

1. d4 Nf6 2. Nf3 g6 3. g3 Bg7 4. Bg2 d6 5. O-O O-O 6. b3 Nbd7 7. Bb2 c5 8. dxc5 Nxc5 9. Nbd2 Bd7 10. c4 Bc6 11. Bh3 e5 12. Rc1 Re8 13. b4 Na4 14. Ba1 b5 15. cxb5 Bxb5 16. Nc4 Bf8 17. Nfd2 Nb6 18. Na5 d5 19. Nb7 Qe7 20. Nc5 Bh6 21. a4 Nc4 22. Nxc4 Bxc4 23. Rb1 a5 24. Bc3 d4 25. Bd2 Bxd2 26. Qxd2 axb4 27. Qxb4 Bxe2 28. Rfc1 Nd5 29. Qa3 0-1